Từ điển Tiếng Việt

Đã lưu trong:
Sonraí Bibleagrafaíochta
Príomhúdar: Hoàng, Phê (Chủ biên)
Formáid: Leabhar
Teanga:Vietnamese
Foilsithe: Hà Nội Hồng Đức 2019
Ábhair:
Clibeanna: Cuir Clib Leis
Gan Chlibeanna, Bí ar an gcéad duine leis an taifead seo a chlibeáil!
Thư viện lưu trữ: Trung tâm Học liệu Lê Vũ Hùng, Trường Đại học Đồng Tháp
LEADER 00737pam a22002298a 4500
001 00045483
005 20200515150500.0
008 141107s2010 ||||||viesd
020 # # |a 9786048951733  |c 420000 
041 0 # |a vie 
082 1 4 |a 495.922  |b T550Đ 
100 1 # |a Hoàng, Phê  |e Chủ biên 
245 1 0 |a Từ điển Tiếng Việt  |c Hoàng Phê (ch.b) 
260 # # |a Hà Nội  |b Hồng Đức  |c 2019 
300 # # |a 1491 tr.  |c 24 cm 
500 # # |a ĐTTS ghi: Viện Ngôn ngữ học 
653 # # |a Ngôn ngữ 
653 # # |a Tiếng Việt 
653 # # |a Từ điển 
852 # # |j KD.0027179 
910 # # |d 15/5/2020 
980 # # |a Trung tâm Học liệu Lê Vũ Hùng, Trường Đại học Đồng Tháp